Normal view
MARC view
Entry Personal Name
001 - CONTROL NUMBER
- control field: 11560
003 - CONTROL NUMBER IDENTIFIER
- control field: OSt
005 - DATE AND TIME OF LATEST TRANSACTION
- control field: 20220918111955.0
008 - FIXED-LENGTH DATA ELEMENTS
- fixed length control field: 220918|| aca||aabn | a|a d
040 ## - CATALOGING SOURCE
- Original cataloging agency: OSt
- Transcribing agency: OSt
100 ## - HEADING--PERSONAL NAME
- Personal name: श्रीवास्तव, रवीन्द्रनाथ; सूरजभान सिंह, {और अन्य}, संपा
670 ## - SOURCE DATA FOUND
- Source citation: Work cat.: (OSt)117629: श्रीवास्तव, रवीन्द्रनाथ; सूरजभान सिंह, {और अन्य}, संपा., अनुप्रयुक्त भाषाविज्ञान: सिद्धांत एवं प्रयोग, 2010
